| 000 | 00803nam0a22002531 4500 | ||
|---|---|---|---|
| 001 | rc\1157685 | ||
| 005 | 20250622202714.0 | ||
| 035 | _a(NLR Aleph) 006402475 | ||
| 090 |
_a5260648 _c5260648 |
||
| 100 | _a20041129d1980 |||y0rusy50 ca | ||
| 101 | 0 | _arus | |
| 102 | _aRU | ||
| 105 | _aa ||||||||| | ||
| 200 | 1 |
_aФизиология пищеварения _e[Учеб. пособие для ун-тов] |
|
| 210 |
_aМ. _cВысш. школа _d1980 |
||
| 215 |
_a256 с. _cил. _d20 |
||
| 320 | _aБиблиогр.: с. 254-255 | ||
| 700 | 1 |
_aПолтырев _bС.С. _f1905- _gСавелий Соломонович |
|
| 701 | 1 |
_aКурцин _bИ.Т. _gИван Терентьевич |
|
| 801 | 0 |
_aRU _bNLR _gpsbo |
|
| 801 | 1 |
_aRU _bELAR _2rusmarc |
|
| 852 |
_aNLR _j80-3/3013 |
||
| 942 | _cBOOK | ||
| 980 | _aNB | ||